000 00531nam a22001937a 4500
005 20251108173651.0
008 250721s2006 xx 000 0 ara d
082 1 4 _a616.078/طحا
100 1 _aطحان، أحمد
245 1 0 _aكيف نموت /
264 1 _aبيروت :
_bدار المعرفة،
_c2006.
300 _a431ص.
650 1 7 _aالوفاة
650 1 7 _aأسباب الوفاة
650 1 7 _aالامراض الخبيثة
650 1 7 _aالمراض المعدية
942 _2ddc
_cBK
999 _c109464
_d109464